[Event "Flint (MI Senior/1/6)"]
[Site "?"]
[Date "1996.??.??"]
[Round "?"]
[White "Brady, Lindell"]
[Black "Gibbs, Tony"]
[Result "1-0"]
[WhiteElo "1915"]
[BlackElo "1605"]
[PlyCount "87"]
[EventDate "1996.??.??"]

{1/(6)} 1. e4 e5 2. Nf3 Nc6 3. Bb5 Nf6 4. O-O d6 5. d4 a6 6. Bxc6+ bxc6 7. dxe5
Nxe4 8. exd6 cxd6 9. Re1 d5 10. Nc3 Bb4 11. Bd2 Bxc3 12. Bxc3 O-O 13. Qd4 Nxc3
14. Qxc3 Bd7 15. Ne5 Rc8 16. Nxd7 Qxd7 17. Qc5 Rfe8 18. h3 g6 19. Qa5 Qb7 20.
b3 Qb5 21. Qd2 Qc5 22. a4 Kg7 23. Re2 Rxe2 24. Qxe2 a5 25. Re1 Qd6 26. Qe7 Qb4
27. Re2 Qc3 28. Qd7 Rb8 29. Re7 Rf8 30. Re2 Qc5 31. Qe7 Qb4 32. Qe5+ Kg8 33.
Qf6 Qc5 34. Qe7 Qb4 35. Qxb4 axb4 36. Re7 Ra8 37. Rc7 Ra6 38. Kf1 Kg7 39. Ke2
Kf6 40. Kd3 Ke6 41. Kd4 h5 42. Kc5 f5 43. Rxc6+ Rxc6+ 44. Kxc6 1-0

[Event "Lansing (MOR/3/17)"]
[Site "?"]
[Date "1996.??.??"]
[Round "?"]
[White "Boyle, John"]
[Black "Zuniga, Jesus"]
[Result "0-1"]
[WhiteElo "1605"]
[BlackElo "1605"]
[PlyCount "64"]
[EventDate "1996.??.??"]

{3/(17)} 1. d4 Nf6 2. e3 d5 3. Bd3 g6 4. Nd2 Bg7 5. f4 O-O 6. Ngf3 Bg4 7. O-O
e6 8. h3 Bxf3 9. Nxf3 Nbd7 10. Ne5 c5 11. c4 cxd4 12. cxd5 Nxe5 13. fxe5 Nxd5
14. exd4 Qb6 15. Be4 Bxe5 16. Bxd5 Bxd4+ 17. Kh1 exd5 18. Bh6 Rfd8 19. Qg4 Be3
20. Bxe3 Qxe3 21. Rf3 Qe6 22. Qg5 Rd7 23. Raf1 d4 24. Rf6 Qxa2 25. Qg4 Rad8 26.
h4 d3 27. h5 d2 28. hxg6 hxg6 29. Rxf7 Rxf7 30. Qxg6+ Rg7 31. Qc2 Qd5 32. Rd1
Qxg2# 0-1

[Event "Detroit (Class C/1/4)"]
[Site "?"]
[Date "1996.??.??"]
[Round "?"]
[White "Boyle, John"]
[Black "Serwatowski, Felix"]
[Result "1-0"]
[WhiteElo "1605"]
[BlackElo "1605"]
[PlyCount "41"]
[EventDate "1996.??.??"]

{1/(4)} 1. d4 d5 2. e3 e6 3. Bd3 Nf6 4. Nd2 Be7 5. f4 Nbd7 6. Ngf3 c5 7. c3 c4
8. Bc2 O-O 9. Ne5 Ne8 10. O-O f6 11. Bxh7+ Kxh7 12. Qh5+ Kg8 13. Ng6 Nd6 14.
Rf3 Nf5 15. Rh3 Nh6 16. Nxf8 Qxf8 17. Qg6 Kh8 18. g4 Qf7 19. Rxh6+ Kg8 20. Rh8+
Kxh8 21. Qxf7 1-0

[Event "Lansing (MOR/5/16)"]
[Site "?"]
[Date "1996.??.??"]
[Round "?"]
[White "Boyle, John"]
[Black "Schell, Ken"]
[Result "0-1"]
[WhiteElo "1605"]
[BlackElo "1705"]
[PlyCount "140"]
[EventDate "1996.??.??"]

{5/(16)} 1. d4 d5 2. e3 Nf6 3. Bd3 c5 4. c3 Nc6 5. f4 Bg4 6. Nf3 e6 7. Nbd2 Be7
8. O-O O-O 9. Qe1 Re8 10. Ne5 Bf5 11. Bxf5 exf5 12. Rf3 Rc8 13. Rh3 Ne4 14. Qe2
g6 15. Qb5 Nxe5 16. fxe5 Qc7 17. Rf3 Bf8 18. Nf1 Re6 19. Ng3 Ra6 20. Qb3 c4 21.
Qc2 Re6 22. Bd2 Nxd2 23. Qxd2 f6 24. exf6 Bh6 25. Ne2 Rce8 26. Nf4 Bxf4 27.
exf4 Re2 28. Qc1 Qd6 29. Rf2 Qxf6 30. g3 Qe6 31. Kf1 Rxf2+ 32. Kxf2 Qe2+ 33.
Kg1 Re3 34. Rb1 b5 35. Qf1 Qd2 36. Qc1 Qxc1+ 37. Rxc1 Re2 38. Rb1 Kg7 39. a3
Kh6 40. b3 cxb3 41. Rxb3 a6 42. a4 bxa4 43. Ra3 Rc2 44. Rxa4 Rxc3 45. Ra5 Rd3
46. Rxd5 Kh5 47. Rd8 Kg4 48. d5 Kf3 49. h4 Kxg3 50. Kf1 Kxf4 51. Ke2 Rd4 52. d6
a5 53. Kf2 Kg4 54. Rc8 Rxd6 55. Rc4+ Kh5 56. Ra4 Rd3 57. Ke2 Rh3 58. Rxa5 Rxh4
59. Ra7 Re4+ 60. Kf3 h6 61. Ra6 Rb4 62. Kg3 f4+ 63. Kf3 g5 64. Ra1 g4+ 65. Kg2
Rb2+ 66. Kg1 Kh4 67. Kh1 Kg3 68. Rg1+ Kh3 69. Re1 f3 70. Re4 Rb1+ 0-1

[Event "Flint (MI Jr/4/14)"]
[Site "?"]
[Date "1996.??.??"]
[Round "?"]
[White "Boyle, John"]
[Black "McNair, Shawn"]
[Result "1-0"]
[WhiteElo "1605"]
[BlackElo "1605"]
[PlyCount "97"]
[EventDate "1996.??.??"]

{4/(14)} 1. d4 d5 2. e3 Nf6 3. Bd3 Nc6 4. f4 Bg4 5. Nf3 Bxf3 6. Qxf3 Nb4 7. O-O
Nxd3 8. cxd3 e6 9. Nc3 Bb4 10. Bd2 O-O 11. Rac1 Bxc3 12. Rxc3 c6 13. Rfc1 Qa5
14. a3 b5 15. Qe2 Rfc8 16. Rxc6 Qd8 17. Bb4 Rxc6 18. Rxc6 Rc8 19. Qc2 Rxc6 20.
Qxc6 Qb8 21. Bd6 Qd8 22. Bc5 Ng4 23. e4 dxe4 24. dxe4 Nxh2 25. Qxb5 h6 26. Kxh2
Qh4+ 27. Kg1 Qe1+ 28. Qf1 Qxe4 29. Bxa7 Qe3+ 30. Qf2 Qc1+ 31. Kh2 g5 32. fxg5
Qc7+ 33. Qg3 Qxg3+ 34. Kxg3 hxg5 35. b4 Kf8 36. b5 f5 37. b6 f4+ 38. Kg4 e5 39.
b7 exd4 40. b8=Q+ Ke7 41. Qc7+ Ke6 42. Bxd4 f3 43. Qe5+ Kd7 44. gxf3 Kc6 45.
Kf5 Kd7 46. Qf6 Ke8 47. Qg7 Kd8 48. Bb6+ Ke8 49. Ke6 1-0

[Event "Detroit (Class C/3/4)"]
[Site "?"]
[Date "1996.??.??"]
[Round "?"]
[White "Boyle, John"]
[Black "Martell, Raul"]
[Result "1-0"]
[WhiteElo "1605"]
[BlackElo "1605"]
[PlyCount "167"]
[EventDate "1996.??.??"]

{3/(4)} 1. d4 d5 2. e3 Nf6 3. Bd3 Nc6 4. f4 Nb4 5. Nf3 Nxd3+ 6. Qxd3 Ne4 7.
Nbd2 Nxd2 8. Bxd2 g6 9. O-O c6 10. c4 Bg7 11. cxd5 cxd5 12. Rac1 Bd7 13. Qb3
Bc6 14. Ne5 Bxe5 15. fxe5 O-O 16. Bb4 f5 17. exf6 Rxf6 18. Qa3 Re6 19. Ba5 Qd7
20. Rc2 Re4 21. Rf3 Qe6 22. Rcf2 Rc8 23. Bb4 Bb5 24. Bd2 a6 25. Qb3 Qd7 26. Qd1
Qc7 27. Bc3 Bd7 28. Qd2 Bg4 29. Rf4 Rxf4 30. Rxf4 Bf5 31. Qf2 Qc4 32. Qg3 Qxa2
33. Rxf5 b5 34. Rf2 b4 35. Bxb4 Rc1+ 36. Rf1 Rxf1+ 37. Kxf1 Qc4+ 38. Kg1 Qxb4
39. Qf2 Qa4 40. Qe2 Qa2 41. Kf2 a5 42. Qb5 Kf7 43. Qb8 Qb1 44. Qf4+ Qf5 45. Kf3
e6 46. g4 Qxf4+ 47. Kxf4 Ke7 48. Ke5 Kd7 49. Kf6 Kc6 50. Kxe6 a4 51. h4 Kb5 52.
Kxd5 Kb4 53. e4 Kb3 54. e5 Kxb2 55. e6 a3 56. e7 a2 57. e8=Q a1=Q 58. Qb5+ Kc2
59. Qc4+ Kd2 60. Ke4 Qa8+ 61. Qd5 Qe8+ 62. Qe5 Qa8+ 63. d5 Kc2 64. Qe6 Qa4+ 65.
Ke5 Qa1+ 66. Kd6 Qa6+ 67. Ke7 Qa7+ 68. Qd7 Qe3+ 69. Kd8 Kd2 70. d6 Qe4 71. Qe7
Qa8+ 72. Kd7 Qa4+ 73. Ke6 Qc4+ 74. Kf6 Qf1+ 75. Kg7 g5 76. d7 Qa1+ 77. Kxh7
Qb1+ 78. Kh6 Qb6+ 79. Kh5 Kc2 80. d8=Q Kc3 81. Qd5 gxh4 82. Kxh4 Kb2 83. Qd3
Ka2 84. Qf5 1-0

[Event "Detroit (Class C/5/2)"]
[Site "?"]
[Date "1996.??.??"]
[Round "?"]
[White "Boyle, John"]
[Black "Kane, Paul"]
[Result "1-0"]
[WhiteElo "1605"]
[BlackElo "1605"]
[PlyCount "85"]
[EventDate "1996.??.??"]

{5/(2)} 1. d4 d5 2. e3 Bf5 3. c4 c6 4. Nc3 e6 5. Nf3 Nf6 6. cxd5 cxd5 7. Bb5+
Nc6 8. Qa4 Qb6 9. Ne5 Rc8 10. O-O a6 11. Bxc6+ bxc6 12. b3 Bd6 13. f4 O-O 14.
Ba3 Bxa3 15. Qxa3 c5 16. Na4 Qb4 17. Qxb4 cxb4 18. Nc5 a5 19. Rac1 Ne4 20. Nb7
Rxc1 21. Rxc1 Nc3 22. Kf2 Ra8 23. Nc6 Bd3 24. Nbxa5 Bb5 25. Nxb4 Ne4+ 26. Kf3
g6 27. Nb7 Rb8 28. Nc5 Rc8 29. Rc2 Nd6 30. a4 Be8 31. a5 Rb8 32. Nbd3 Bb5 33.
b4 Rc8 34. Rc1 Bc4 35. Ra1 Nb5 36. Ne5 f6 37. Nxc4 dxc4 38. Nxe6 c3 39. Nc5 Rb8
40. Rc1 Na7 41. Rxc3 Rxb4 42. Rb3 Rc4 43. Rb8+ 1-0

[Event "Ann Arbor (Mini-Swiss/3/7)"]
[Site "?"]
[Date "1996.??.??"]
[Round "?"]
[White "Boyle, John"]
[Black "Hill, Brad"]
[Result "0-1"]
[WhiteElo "1605"]
[BlackElo "1605"]
[PlyCount "102"]
[EventDate "1996.??.??"]

{3/(7)} 1. d4 Nf6 2. e3 e6 3. Bd3 c5 4. c3 b6 5. f4 Ba6 6. Nf3 Bxd3 7. Qxd3 Be7
8. Nbd2 O-O 9. O-O Qc8 10. Ne5 d6 11. Nef3 Qa6 12. Qxa6 Nxa6 13. e4 Nc7 14. e5
Nfd5 15. Nc4 dxe5 16. fxe5 cxd4 17. cxd4 b5 18. Ne3 Nxe3 19. Bxe3 Nd5 20. Rfe1
Rfc8 21. Bg5 Bxg5 22. Nxg5 Rc2 23. Rf1 Ne3 24. Rf2 Rac8 25. Re1 Rc1 26. Rfe2
Nf5 27. Kf2 Rxe1 28. Kxe1 Nxd4 29. Rd2 Nc6 30. Rf2 Nxe5 31. Kd2 h6 32. Ne4 Kf8
33. Ke3 Ng4+ 34. Kf3 Nxf2 35. Nxf2 Ke7 36. Ne4 Rc2 37. b3 Rxa2 38. Nc3 Rb2 39.
Nxb5 Rxb3+ 40. Kf2 Rxb5 41. g4 e5 42. h4 a5 43. g5 a4 44. g6 fxg6 45. h5 a3 46.
Ke3 a2 47. Ke4 a1=Q 48. Kf3 Ke6 49. Ke2 Rb2+ 50. Kd3 Qd1+ 51. Ke3 Qe2# 0-1

[Event "Lansing (MOR/7/29)"]
[Site "?"]
[Date "1996.??.??"]
[Round "?"]
[White "Boyle, John"]
[Black "DeBlasio, N."]
[Result "1-0"]
[WhiteElo "1605"]
[BlackElo "1605"]
[PlyCount "103"]
[EventDate "1996.??.??"]

{7/(29)} 1. d4 Nf6 2. e3 g6 3. Bd3 Bg7 4. f4 d6 5. Nf3 O-O 6. O-O Nbd7 7. c3 c5
8. Nbd2 e5 9. fxe5 dxe5 10. Qb3 cxd4 11. exd4 exd4 12. Nxd4 Nc5 13. Qc2 Nd5 14.
N2f3 Nxd3 15. Qxd3 Re8 16. Bg5 Qd7 17. Rae1 Rxe1 18. Rxe1 Nc7 19. Re7 Qd6 20.
Qc4 Ne6 21. Nb5 Qd1+ 22. Kf2 Bd7 23. Nbd4 Rc8 24. Qb4 Bf8 25. Qxb7 Nc5 26. Qxa7
Bxe7 27. Bxe7 Qa4 28. Bxc5 Qxa7 29. Bxa7 Ra8 30. Bc5 Rxa2 31. Ba3 Ra1 32. Nd2
Ba4 33. Ke2 Kg7 34. N4b3 Bxb3 35. Nxb3 Rh1 36. Nd2 Ra1 37. Bc5 f5 38. b4 Rh1
39. Nf3 Rb1 40. Nd4 Rb2+ 41. Kf3 Kf6 42. b5 Ke5 43. b6 Kd5 44. Bb4 Rxb4 45.
cxb4 Kd6 46. Ke3 Kd7 47. Kd3 h6 48. Kc4 h5 49. Kb5 Kc8 50. Kc6 Kb8 51. b7 f4
52. Kb6 1-0

[Event "Detroit (Beg/1/12)"]
[Site "?"]
[Date "1996.??.??"]
[Round "?"]
[White "Bourbeau, R."]
[Black "Sobh, Tarek"]
[Result "0-1"]
[WhiteElo "1605"]
[BlackElo "1605"]
[PlyCount "74"]
[EventDate "1996.??.??"]

{1/(12)} 1. d4 d5 2. e3 Nf6 3. Nf3 Nc6 4. c3 Bg4 5. Bb5 a6 6. Bxc6+ bxc6 7. Qa4
Qd7 8. Ne5 Qd6 9. Nxc6 Bd7 10. Qb4 Bxc6 11. Qxd6 exd6 12. O-O Be7 13. Nd2 O-O
14. b3 Ne4 15. Nxe4 dxe4 16. c4 d5 17. c5 Bb5 18. Re1 f5 19. a4 Bd3 20. Ra3 Bg5
21. g3 Rf6 22. h4 Bh6 23. b4 Rg6 24. Kh2 c6 25. f3 Rf8 26. Rb3 Bc4 27. Rc3 exf3
28. Rf1 Bxf1 29. Kg1 Bg2 30. Rc2 Rxg3 31. Kf2 Rh3 32. Kg1 Re8 33. Kf2 Re4 34.
Kg1 Rh1+ 35. Kf2 Rf1+ 36. Kg3 Rg4+ 37. Kh2 Rh1# 0-1

[Event "Detroit (Class B/2/8)"]
[Site "?"]
[Date "1996.??.??"]
[Round "?"]
[White "Bostic, Donald"]
[Black "Schell, Ken"]
[Result "0-1"]
[WhiteElo "1760"]
[BlackElo "1705"]
[PlyCount "48"]
[EventDate "1996.??.??"]

{2/(8)} 1. d4 d5 2. Nf3 Nf6 3. e3 c5 4. b3 Nc6 5. Bd3 Bg4 6. Bb2 e6 7. Nbd2 Bd6
8. Qc1 O-O 9. a3 Rc8 10. Ne5 Bf5 11. Bxf5 exf5 12. O-O Re8 13. f4 cxd4 14. exd4
b5 15. h3 Qb6 16. Ndf3 Nxe5 17. fxe5 Bxe5 18. Nxe5 Rxe5 19. Qd1 Ne4 20. Kh2
Ree8 21. Rxf5 Qc7+ 22. Kg1 Qxc2 23. Qxc2 Rxc2 24. Bc1 Ng3 0-1

[Event "Lansing (MOR/4/22)"]
[Site "?"]
[Date "1996.??.??"]
[Round "?"]
[White "Boldrick, Thomas"]
[Black "Brauker, J."]
[Result "1-0"]
[WhiteElo "1650"]
[BlackElo "1605"]
[PlyCount "27"]
[EventDate "1996.??.??"]

{4/(22)} 1. d4 Nf6 2. c4 e6 3. Nc3 b6 4. e4 Bb7 5. e5 Ng8 6. Nf3 c5 7. d5 exd5
8. cxd5 d6 9. Bb5+ Ke7 10. Bg5+ f6 11. exf6+ Nxf6 12. Qe2+ Kf7 13. Qe6+ Kg6 14.
Bd3+ 1-0

[Event "Lansing (MOR/2/15)"]
[Site "?"]
[Date "1996.??.??"]
[Round "?"]
[White "Boldrick, Thomas"]
[Black "Aldrich, Justin"]
[Result "1-0"]
[WhiteElo "1650"]
[BlackElo "1605"]
[PlyCount "127"]
[EventDate "1996.??.??"]

{2/(15)} 1. d4 d5 2. c4 c6 3. Nc3 Nf6 4. Nf3 Bf5 5. Bf4 dxc4 6. Qa4 e6 7. e3
Nbd7 8. Bxc4 Nb6 9. Qb3 Nxc4 10. Qxc4 Bd6 11. Ne5 Nd5 12. Nxc6 Qc7 13. Nb5 Qxc6
14. Nxd6+ Kf8 15. Qxc6 bxc6 16. Rc1 Nxf4 17. exf4 Ke7 18. Nxf5+ exf5 19. Rxc6
Rab8 20. b3 Rb4 21. O-O Rxd4 22. Rc7+ Rd7 23. Rfc1 Rhd8 24. Kf1 Kd6 25. Rxd7+
Rxd7 26. Rd1+ Kc6 27. Rxd7 Kxd7 28. Ke2 Kd6 29. Kd2 Kc5 30. Kc3 a5 31. a3 g6
32. f3 f6 33. b4+ axb4+ 34. axb4+ Kd5 35. Kd3 g5 36. fxg5 fxg5 37. g3 h6 38. h4
f4 39. gxf4 gxh4 40. Ke3 Ke6 41. b5 Kd6 42. f5 h5 43. b6 h3 44. Kf2 Kc6 45. f6
Kxb6 46. f7 h2 47. Kg2 h1=Q+ 48. Kxh1 Kc6 49. f8=Q Kd5 50. Qf5+ Kd6 51. Qxh5
Ke6 52. Kg2 Kf6 53. Qd5 Kg6 54. Kg3 Kf6 55. Kf4 Kg6 56. Qe5 Kf7 57. Qd6 Kg7 58.
Kg5 Kf7 59. Qf6+ Ke8 60. Qg7 Kd8 61. f4 Ke8 62. f5 Kd8 63. f6 Ke8 64. Qe7# 1-0

[Event "Ann Arbor (Mini-Swiss/1)"]
[Site "?"]
[Date "1996.??.??"]
[Round "?"]
[White "Bolda, M."]
[Black "Marson, Michael"]
[Result "0-1"]
[WhiteElo "1835"]
[BlackElo "1655"]
[PlyCount "54"]
[EventDate "1996.??.??"]

1. d4 Nf6 2. c4 e5 3. d5 Bc5 4. Nc3 O-O 5. Bg5 d6 6. e3 Bf5 7. Bd3 Bg6 8. Bxg6
fxg6 9. a3 h6 10. Bh4 Nbd7 11. Qc2 g5 12. Bg3 Nh5 13. O-O-O Qf6 14. Ne4 Qf5 15.
Ne2 Nhf6 16. N2c3 Ng4 17. Rdf1 Rf7 18. h3 Ngf6 19. h4 g4 20. Nxf6+ Rxf6 21. Ne4
Rf7 22. b4 Bb6 23. Kd2 Raf8 24. f4 gxf3 25. Rxf3 Qg4 26. Rxf7 Rxf7 27. Qd1 Qxe4
0-1

[Event "Ann Arbor (Mini-Swiss/3)"]
[Site "?"]
[Date "1996.??.??"]
[Round "?"]
[White "Bolda, M."]
[Black "Bolda, Dan H"]
[Result "0-1"]
[WhiteElo "1835"]
[BlackElo "1820"]
[PlyCount "46"]
[EventDate "1996.??.??"]

1. d4 Nf6 2. c4 g6 3. Nc3 Bg7 4. e4 d6 5. Nf3 O-O 6. Be2 e5 7. dxe5 dxe5 8. Bg5
Nbd7 9. O-O h6 10. Bh4 c6 11. Qc2 Qc7 12. Rfd1 Re8 13. b4 Nf8 14. Rd2 g5 15.
Bg3 Ng6 16. Rad1 Be6 17. Rd6 Bf8 18. Nxe5 Bxd6 19. Rxd6 Qxd6 20. Nxf7 Qd4 21.
e5 Bxf7 22. exf6 Rad8 23. Bh5 Re1# 0-1

[Event "Ann Arbor (Mini-Swiss/2)"]
[Site "?"]
[Date "1996.??.??"]
[Round "?"]
[White "Bolda, Dan H"]
[Black "Welch, Joseph"]
[Result "1-0"]
[WhiteElo "1820"]
[BlackElo "1625"]
[PlyCount "53"]
[EventDate "1996.??.??"]

1. e4 Nf6 2. e5 Nd5 3. d4 d6 4. c4 Nb6 5. f4 Bf5 6. Bd3 Bxd3 7. Qxd3 dxe5 8.
fxe5 e6 9. Nf3 c5 10. Bg5 Qd7 11. Nc3 cxd4 12. Nb5 Nc6 13. O-O-O Rc8 14. b3 h6
15. Bh4 Nb4 16. Qxd4 a6 17. Qxb6 Nd3+ 18. Rxd3 Qxd3 19. Rd1 Rxc4+ 20. bxc4 Ba3+
21. Nxa3 Qxa3+ 22. Kb1 O-O 23. Rd8 Rxd8 24. Qxd8+ Kh7 25. Qd2 Qc5 26. Bf2 Qxc4
27. Qc2+ 1-0

[Event "Kalamazoo (MI Am/3/9)"]
[Site "?"]
[Date "1996.??.??"]
[Round "?"]
[White "Bloch, Hermann"]
[Black "Williams, Ken"]
[Result "1/2-1/2"]
[WhiteElo "1605"]
[BlackElo "1900"]
[PlyCount "112"]
[EventDate "1996.??.??"]

{3/(9)} 1. e4 c5 2. Nf3 Nc6 3. c3 Nf6 4. d3 g6 5. Be3 d6 6. Be2 Bg7 7. h3 c4 8.
Qa4 cxd3 9. Bxd3 Bd7 10. Qc2 Rc8 11. Qd2 O-O 12. Bh6 a6 13. Bxg7 Kxg7 14. O-O
Qa5 15. c4 Qxd2 16. Nbxd2 h6 17. a3 a5 18. b3 Be6 19. Rab1 Rfd8 20. Rfd1 Nd7
21. Nf1 Nde5 22. Be2 Nxf3+ 23. Bxf3 Ne5 24. Be2 g5 25. Ne3 b6 26. Nd5 Bxd5 27.
Rxd5 Rc5 28. Rd2 Rc7 29. a4 Nc6 30. Rbd1 Nb4 31. e5 Re8 32. exd6 exd6 33. Bf3
Re6 34. Rxd6 Rce7 35. Kf1 Rxd6 36. Rxd6 Re6 37. Rd7 Rf6 38. Be4 Kg8 39. Rd8+
Kg7 40. Bd5 Nd3 41. Bf3 Nc5 42. Bd1 Re6 43. f3 Nb7 44. Rd5 Rd6 45. Bc2 Rxd5 46.
cxd5 Kf6 47. Bd3 Ke5 48. Bc4 f5 49. Ke2 Kd4 50. g3 f4 51. gxf4 gxf4 52. Kd2 Nd6
53. Ke2 Nb7 54. Kf2 Nd6 55. h4 Ke5 56. Kg2 Ne8 1/2-1/2

[Event "Detroit (Class C/4/7)"]
[Site "?"]
[Date "1996.??.??"]
[Round "?"]
[White "Bloch, Hermann"]
[Black "Oprean, G."]
[Result "1-0"]
[WhiteElo "1605"]
[BlackElo "1605"]
[PlyCount "64"]
[EventDate "1996.??.??"]

{4/(7)} 1. e4 c5 2. Nf3 d6 3. d4 cxd4 4. Nxd4 Nf6 5. Nc3 Nc6 6. Bb5 Bd7 7. Nxc6
bxc6 8. Bc4 e6 9. O-O Bc8 10. Re1 Be7 11. e5 dxe5 12. Qxd8+ Bxd8 13. Rxe5 Nd7
14. Re2 O-O 15. Bf4 Nb6 16. Bd3 Bf6 17. Rae1 Nd5 18. Bd2 Rb8 19. Nxd5 cxd5 20.
b3 a6 21. c4 dxc4 22. Bxc4 Bd8 23. Rd1 Re8 24. Bf4 Ra8 25. Red2 Be7 26. Be5 Kh8
27. Rd3 f6 28. Bd6 Ra7 29. Bxe7 Raxe7 30. Rd8 h6 31. R8d6 a5 32. Rd8 Rg8 1-0

[Event "Kalamazoo (MI Am/5/14)"]
[Site "?"]
[Date "1996.??.??"]
[Round "?"]
[White "Bloch, Hermann"]
[Black "Avery, Bill"]
[Result "1-0"]
[WhiteElo "1605"]
[BlackElo "1605"]
[PlyCount "121"]
[EventDate "1996.??.??"]

{5/(14)} 1. d4 d6 2. e4 c6 3. c4 Nf6 4. Bd3 e5 5. d5 cxd5 6. cxd5 Bg4 7. f3 Bc8
8. Ne2 Nbd7 9. b4 Be7 10. O-O Qb6+ 11. Kh1 Qxb4 12. Ba3 Qb6 13. Nd2 Nc5 14. Rb1
Qc7 15. Qc2 b6 16. Rfc1 O-O 17. Nb3 Nfd7 18. Bb5 a6 19. Bd3 Bb7 20. f4 Rac8 21.
Qd2 f6 22. f5 Qb8 23. Qe3 Nxd3 24. Rxc8 Rxc8 25. Qxd3 Rc7 26. g4 Qc8 27. Rc1
Rxc1+ 28. Nbxc1 a5 29. Nb3 Ba6 30. Qe3 Qc4 31. Nbc1 Nc5 32. Ng3 Qc2 33. Qe1 Nd3
34. Nxd3 Bxd3 35. Qc1 Qxc1+ 36. Bxc1 Kf7 37. a3 b5 38. Bd2 a4 39. Bb4 Ke8 40.
Kg2 Kd7 41. Nh5 Bxe4+ 42. Kg3 Bxd5 43. Nxg7 Bb3 44. Bc3 Bf8 45. Nh5 d5 46.
Nxf6+ Ke7 47. Nxh7 d4 48. Bb4+ Kf7 49. Nxf8 Bd5 50. Nd7 e4 51. Kf2 e3+ 52. Ke1
Bb3 53. Nc5 Kf6 54. Nd3 Kg5 55. h3 Kh4 56. Nc5 Bc4 57. f6 Kxh3 58. g5 Kg4 59.
g6 d3 60. Nxd3 Bxd3 61. f7 1-0

[Event "Kalamazoo (Mini-Swiss.3/1)"]
[Site "?"]
[Date "1996.??.??"]
[Round "?"]
[White "Blink, R."]
[Black "Higgins, Richard"]
[Result "0-1"]
[WhiteElo "1605"]
[BlackElo "1605"]
[PlyCount "58"]
[EventDate "1996.??.??"]

{3/(1)} 1. e4 c5 2. c3 Nc6 3. Nf3 e6 4. Bc4 Nf6 5. d3 Be7 6. Be3 Qc7 7. Qd2 d5
8. exd5 exd5 9. Bb5 Bg4 10. Bxc6+ bxc6 11. Bf4 Qb7 12. Qe3 Bxf3 13. Nd2 Bh5 14.
O-O O-O 15. Rfe1 Rae8 16. Qg3 Bg6 17. Re2 Nh5 18. Qf3 Nxf4 19. Qxf4 Bd6 20. Qf3
Rxe2 21. Qxe2 Qxb2 22. Re1 Qxc3 23. Nf3 Bxd3 24. Qe3 d4 25. Qe8 Rxe8 26. Rxe8+
Bf8 27. h3 g6 28. Rc8 Kg7 29. Rc7 Qc1+ 0-1

[Event "Detroit (Class B/3/12)"]
[Site "?"]
[Date "1996.??.??"]
[Round "?"]
[White "Blanchard, Robert"]
[Black "Sobh, Hassan"]
[Result "0-1"]
[WhiteElo "1690"]
[BlackElo "1750"]
[PlyCount "59"]
[EventDate "1996.??.??"]

{3/(12)} 1. e4 e5 2. Nf3 Nc6 3. Bb5 a6 4. Ba4 Nf6 5. O-O Nxe4 6. d4 exd4 7. Re1
d5 8. Nxd4 Bd6 9. Qh5 O-O 10. Nxc6 bxc6 11. Bxc6 Rb8 12. Bxd5 Nf6 13. Bxf7+
Rxf7 14. Qh4 Bb7 15. Bg5 Qf8 16. Qc4 Bd5 17. Qh4 Rb4 18. Qh3 Rg4 19. Bxf6 Rxg2+
20. Qxg2 Bxg2 21. Kxg2 Rxf6 22. Re2 Rg6+ 23. Kf1 Bxh2 24. Ke1 Rg1+ 25. Kd2 Bf4+
26. Kd3 Rd1+ 27. Ke4 g6 28. b3 Qf5+ 29. Kf3 Bd6+ 30. Ke3 0-1

[Event "Detroit (Class B/1/5)"]
[Site "?"]
[Date "1996.??.??"]
[Round "?"]
[White "Blanchard, Robert"]
[Black "Bostic, Donald"]
[Result "1/2-1/2"]
[WhiteElo "1690"]
[BlackElo "1760"]
[PlyCount "89"]
[EventDate "1996.??.??"]

{1/(5)} 1. e4 c5 2. c3 Nf6 3. e5 Nd5 4. d4 cxd4 5. cxd4 d6 6. Bc4 Nb6 7. Bd3
Nc6 8. Nf3 e6 9. O-O Be7 10. Nc3 O-O 11. a3 a6 12. Qc2 g6 13. Bh6 Re8 14. Rac1
dxe5 15. dxe5 Nd4 16. Nxd4 Qxd4 17. Be3 Qd8 18. Rfd1 Nd7 19. Be4 Qc7 20. f4 Bc5
21. Qe2 Qb6 22. Bxc5 Nxc5 23. Kh1 Rd8 24. Rxd8+ Qxd8 25. b4 Nxe4 26. Nxe4 Kg7
27. Nf6 b5 28. Qe3 Bb7 29. Qh3 h5 30. Qg3 Qd2 31. Rg1 Rh8 32. h4 Bd5 33. Qg5
Qd3 34. Nxd5 Qxd5 35. Qf6+ Kg8 36. Rc1 Qd7 37. Kh2 Kh7 38. Rc3 Rd8 39. Rc5 Kg8
40. Rc6 Qxc6 41. Qxd8+ Kg7 42. Qf6+ Kg8 43. Qd8+ Kg7 44. Qf6+ Kg8 45. Qd8+
1/2-1/2

[Event "Detroit (Class B/3/14)"]
[Site "?"]
[Date "1996.??.??"]
[Round "?"]
[White "Blake, J."]
[Black "Moore, Robert"]
[Result "1-0"]
[WhiteElo "1770"]
[BlackElo "1705"]
[PlyCount "83"]
[EventDate "1996.??.??"]

{3/(14)} 1. e4 c5 2. Nf3 d6 3. d4 cxd4 4. Nxd4 Nf6 5. Nc3 a6 6. Bg5 e6 7. f4
Be7 8. Qf3 O-O 9. O-O-O Qc7 10. g4 e5 11. Bxf6 Bxf6 12. Nd5 Qd8 13. Nf5 Bxf5
14. gxf5 Nc6 15. c3 exf4 16. Nxf6+ Qxf6 17. Qxf4 Ne5 18. Be2 Rad8 19. h4 Kh8
20. Rd5 Rd7 21. h5 Qh6 22. Qxh6 gxh6 23. Rhd1 Rfd8 24. c4 f6 25. c5 dxc5 26.
Rxd7 Rxd7 27. Rxd7 Nxd7 28. Kd2 Ne5 29. Kc3 Kg7 30. b4 cxb4+ 31. Kxb4 Kf8 32.
Ka5 Nd7 33. Bc4 b5 34. Bd5 Nb8 35. Bb7 Ke7 36. Bxa6 b4 37. Bb5 Kd6 38. Kxb4 Ke5
39. Bd3 Kd4 40. Bc2 Na6+ 41. Kb5 Nc5 42. a4 1-0

[Event "Detroit (Class B/1/4)"]
[Site "?"]
[Date "1996.??.??"]
[Round "?"]
[White "Blake, J."]
[Black "Jointer, William"]
[Result "0-1"]
[WhiteElo "1770"]
[BlackElo "1700"]
[PlyCount "94"]
[EventDate "1996.??.??"]

{1/(4)} 1. e4 c5 2. Nf3 Nc6 3. d4 cxd4 4. Nxd4 Nf6 5. Nc3 g6 6. Be2 Bg7 7. Be3
O-O 8. Qd2 Qa5 9. O-O-O d5 10. Nb3 Qc7 11. Nxd5 Nxd5 12. exd5 Rd8 13. f4 Bf5
14. Bf3 Nb4 15. Bc5 Nxc2 16. g4 Na1 17. gxf5 Nxb3+ 18. axb3 Qxc5+ 19. Kb1 a5
20. Rc1 Qb6 21. fxg6 hxg6 22. Ka2 a4 23. b4 e6 24. Rc5 Qd6 25. Rhc1 e5 26. fxe5
Bxe5 27. Ka3 Bf4 28. Qg2 Bxc1 29. Rxc1 Qf4 30. Rc3 b5 31. Rc6 Qe3+ 32. Rc3 Qe1
33. Ka2 Rac8 34. Qc2 Rxc3 35. Qxc3 Qf2 36. Qc7 Re8 37. Qc6 Re3 38. d6 a3 39.
Qc1 axb2 40. Qc8+ Kg7 41. d7 b1=Q+ 42. Kxb1 Rb3+ 43. Kc1 Qb2+ 44. Kd1 Rd3+ 45.
Ke1 Qd2+ 46. Kf1 Rxf3+ 47. Kg1 Qf2+ 0-1

[Event "Flint (MI Jr/4/24)"]
[Site "?"]
[Date "1996.??.??"]
[Round "?"]
[White "Black, Jesse"]
[Black "Houser, Rick"]
[Result "0-1"]
[WhiteElo "1605"]
[BlackElo "1605"]
[PlyCount "114"]
[EventDate "1996.??.??"]

{4/(24)} 1. e4 e5 2. Nf3 d6 3. Bc4 Bg4 4. h3 Bh5 5. g4 Bg6 6. d3 Nh6 7. Bxh6
gxh6 8. Nc3 c6 9. Qd2 Qf6 10. Nh2 Nd7 11. Qe3 Nb6 12. Bb3 O-O-O 13. Qe2 d5 14.
O-O-O dxe4 15. dxe4 Be7 16. Nf1 Rxd1+ 17. Nxd1 Qg5+ 18. Kb1 Qf4 19. Ng3 Bh4 20.
Re1 Bxg3 21. fxg3 Qxg3 22. Nf2 Qh4 23. Rf1 h5 24. Qf3 hxg4 25. Qxg4+ Qxg4 26.
hxg4 f6 27. c3 h5 28. gxh5 Rxh5 29. Rg1 Rg5 30. Rxg5 fxg5 31. Kc1 Kd7 32. Bd1
Nc4 33. b3 Ne3 34. Be2 a6 35. Kd2 Ng2 36. Bf3 Nh4 37. Ke3 Nxf3 38. Kxf3 Bh5+
39. Kg3 b5 40. Nd3 Kd6 41. c4 bxc4 42. bxc4 Be2 43. Nb2 Kc5 44. a3 Bxc4 45.
Nxc4 Kxc4 46. Kg4 Kd4 47. Kf5 c5 48. Kxg5 c4 49. Kf6 c3 50. Ke6 c2 51. Kd6 c1=Q
52. Ke6 Qg5 53. Kd7 Qf6 54. Kc7 Kc5 55. Kb7 Qc6+ 56. Ka7 Qc7+ 57. Ka8 Kb6 0-1

[Event "Detroit (Class C/4/12)"]
[Site "?"]
[Date "1996.??.??"]
[Round "?"]
[White "Bezrutch, B."]
[Black "Mihelich, John"]
[Result "1-0"]
[WhiteElo "1605"]
[BlackElo "1605"]
[PlyCount "95"]
[EventDate "1996.??.??"]

{4/(12)} 1. e4 e5 2. Nf3 Nc6 3. Bb5 d6 4. O-O Bg4 5. c3 Nf6 6. Re1 Be7 7. d4
O-O 8. Bxc6 bxc6 9. dxe5 Nd7 10. exd6 cxd6 11. Bf4 Bxf3 12. Qxf3 Ne5 13. Qe2
Bf6 14. Nd2 Re8 15. Nc4 Qc7 16. Nxe5 Bxe5 17. Bxe5 Rxe5 18. Qc2 Rae8 19. Re3
Qd8 20. Rae1 h6 21. Qd3 g5 22. c4 R8e6 23. b4 Qf6 24. Qd4 Qg6 25. f3 d5 26.
cxd5 cxd5 27. a4 f5 28. exd5 Rxe3 29. Rxe3 Ra6 30. Qe5 Qf6 31. Qe8+ Kg7 32.
Qd7+ Kg6 33. Qe8+ Qf7 34. Qb5 Rb6 35. Qc5 f4 36. Re4 Qd7 37. a5 Ra6 38. Qc4 Rd6
39. Re6+ Rxe6 40. dxe6 Qd1+ 41. Kf2 Qd2+ 42. Qe2 Qd4+ 43. Kf1 Qa1+ 44. Qe1
Qxe1+ 45. Kxe1 Kf6 46. b5 Kxe6 47. b6 axb6 48. a6 1-0

[Event "Detroit (Class C/1/7)"]
[Site "?"]
[Date "1996.??.??"]
[Round "?"]
[White "Bezrutch, B."]
[Black "McGinniss, M."]
[Result "0-1"]
[WhiteElo "1605"]
[BlackElo "1605"]
[PlyCount "66"]
[EventDate "1996.??.??"]

{1/(7)} 1. e4 c5 2. Nf3 d6 3. d4 cxd4 4. Nxd4 Nc6 5. Bc4 e6 6. O-O Nxd4 7. Qxd4
Bd7 8. Be3 Qf6 9. Nd2 Qxd4 10. Bxd4 Nf6 11. Rae1 Be7 12. f4 O-O 13. Bd3 Rfe8
14. Re3 Bc6 15. Rh3 g6 16. Rg3 Nh5 17. Rh3 Nxf4 18. Rhf3 e5 19. Be3 Nxd3 20.
cxd3 f5 21. Bh6 Bf8 22. Bg5 h6 23. Bh4 g5 24. Be1 f4 25. Nc4 d5 26. Nd2 g4 27.
R3f2 Bc5 28. b3 g3 29. hxg3 fxg3 30. Nf3 gxf2+ 31. Bxf2 Bxf2+ 32. Kxf2 dxe4 33.
dxe4 Bxe4 0-1